| 000 | 00820nam a2200241 a 4500 | ||
|---|---|---|---|
| 001 | BRL_1498 | ||
| 005 | 20190320211233.0 | ||
| 008 | 300114s1982----mx-ao#####---#000-0#spa-# | ||
| 041 | _aspa | ||
| 044 | _amx | ||
| 050 | 4 |
_aF1219.1.G93 _b.S47 1982 |
|
| 100 | 1 |
_aSepúlveda Herrera, Ma. Teresa _927107 |
|
| 245 | 1 | 0 |
_aCatálogo de máscaras del estado de Guerrero de las colecciones del Museo Nacional de Antropología _cMa. Teresa Sepúlveda Herrera. |
| 260 |
_aMéxico _bINAH _c1982 |
||
| 300 |
_a308 p. _bil. (algunas a color) _c27 cm. |
||
| 500 | _aAu1774 | ||
| 500 | _aIncluye dedicatoria a Ruth Lechuga | ||
| 504 | _aBibliografía: p. 305-308 | ||
| 610 | 2 | 4 |
_aMuseo Nacional de Antropología (México) _vCatálogos _927108 |
| 650 | 1 | 4 |
_aMáscaras _vCatálogos _zGuerrero _927109 |
| 902 | _aGRL | ||
| 942 |
_2lcc _cB |
||
| 999 |
_c10308 _d10308 |
||